000 00634nam a22002057a 4500
005 20251108172643.0
008 250721s1998 xx 000 0 ara d
082 1 4 _a930/تسي
100 1 _aتسيركين، يولي بركوفيتش
245 1 0 _aالحضارة الفنيقيه في اسبانيا /
264 1 _aبيروت :
_bجروس برس،
_c1998.
300 _a375 ص.
650 1 7 _aالحضارات القديمة
650 1 7 _aتاريخ القديم
650 1 7 _aعلم الآثار
650 1 7 _aتاريخ اسبانيا
700 1 _aفاضل، يوسف
_eمترجم
942 _2ddc
_cBK
999 _c85059
_d85059